000 00512nam a2200193Ia 4500
005 20250423100325.0
008 250422s9999 xx 000 0 und d
020 _a9780071275828
050 _aPN 4781 .I88/
100 _aItulu, Bruce D.
245 0 _aNew writing & reporting for today’s media
250 _a7th ed.
260 _aNew York
260 _bMaGraw-Hill Higher Education
260 _c2088
300 _a484 p
650 _aReporters and reporting--Problems, exercises, etc.
942 _cBK
999 _c32957
_d32957